De El Cairo a Copenhague: hacia un nuevo programa de desarrollo de la mujer/
Guardat en:
| Autor principal: | |
|---|---|
| Format: | Llibre |
| Idioma: | Spanish |
| Etiquetes: |
Afegir etiqueta
Sense etiquetes, Sigues el primer a etiquetar aquest registre!
|
MARC
| LEADER | 00000nam a22000007a 4500 | ||
|---|---|---|---|
| 003 | cru CIDCACS/IIS | ||
| 005 | 20190125062530.0 | ||
| 007 | ta | ||
| 008 | 190124s1995 nyu|||p|r||||||0| ||spa|d | ||
| 999 | |c 42114 |d 42114 | ||
| 040 | |c cru CIDCACS/IIS | ||
| 100 | 1 | |a Corrêa, Sonia |9 8284 | |
| 245 | 1 | |a De El Cairo a Copenhague: |b hacia un nuevo programa de desarrollo de la mujer/ |c Sonia Corrêa | |
| 300 | |a páginas 12-13 | ||
| 773 | 0 | |0 42113 |9 2618 |a Fondo de Población de las Naciones Unidas (FNUAP) |d Nueva York: FNUAP |o 17924 |t Populi: | |
| 942 | |2 ddc |c PP | ||
